书目信息 |
| 题名: |
给教师的建议
|
|
| 作者: | 苏霍姆林斯基 著 ;杜殿坤 编译 | |
| 分册: | 上册 | |
| 出版信息: | 北京 教育科学出版社 1981.11 |
|
| 页数: | 282页 | |
| 开本: | 19cm | |
| 丛书名: | ||
| 单 册: | ||
| 中图分类: | G551.2 | |
| 科图分类: | ||
| 主题词: | 教育事业--世界 | |
| 电子资源: | ||
| ISBN: | ||
| 000 | 00665nam0 2200217 45 | |
| 001 | 0211181077 | |
| 005 | 20040401141506.9 | |
| 010 | @dCNY0.67 | |
| 091 | @a7232.16 | |
| 100 | @a20021118d1981 km y0chiy0120 ea | |
| 101 | 0 | @achi |
| 105 | @a z 000yy | |
| 200 | 1 | @a给教师的建议@h上册@AGei Jiao Shi De Jian Yi@f(苏)瓦·阿·苏霍姆林斯基著@F(Su)Wa·A·Su Huo Mu Lin Si Ji Zhu@g杜殿坤编译 |
| 210 | @a北京@c教育科学出版社@d1981.11 | |
| 215 | @a282页@d19cm | |
| 606 | 0 | @a教育事业@x世界 |
| 690 | @aG551.2@v3 | |
| 701 | 0 | @a苏霍姆林斯基@4著 |
| 702 | 0 | @a杜殿坤@ADu Dian Kun@4编译 |
| 801 | @aCN@bTSTC@c20021119 | |
| 905 | @dG551.2@e19:1@f1@b40020@b40018@f1@f1@b40013 | |
| 给教师的建议.上册/(苏)瓦·阿·苏霍姆林斯基著/杜殿坤编译.-北京:教育科学出版社,1981.11 |
| 282页;19cm |
| ISBN :CNY0.67 |
| ● |
| 相关链接 |
|
|
|
|
正题名:给教师的建议
索取号:G551.2/19:1
 
预约/预借
| 序号 | 登录号 | 条形码 | 馆藏地/架位号 | 状态 | 备注 |
| 1 | 0040012 | 001516826 | 密集书库/ [索取号:G551.2/19:1] | 在馆 | |
| 2 | 0040013 | 001926982 | 密集书库/ [索取号:G551.2/19:1] | 在馆 | |
| 3 | 0040014 | 001516862 | 密集书库/ [索取号:G551.2/19:1] | 在馆 | |
| 4 | 0040016 | 001516906 | 密集书库/ [索取号:G551.2/19:1] | 在馆 | |
| 5 | 0040018 | 001927026 | 密集书库/ [索取号:G551.2/19:1] | 在馆 | |
| 6 | 0040020 | 001927017 | 密集书库/ [索取号:G551.2/19:1] | 在馆 | |
| 7 | 0040021 | 001516942 | 密集书库/ [索取号:G551.2/19:1] | 在馆 |